000
00317 a2200145 4500
001
156597
040
_c
Escola São Tomás de Aquino
100
_a
LEMBO, Antonio
240
1
0
_a
A Aventura do Saber
_l
por
245
1
0
_a
A Aventura do Saber
300
_a
240
362
0
_a
2015
697
_a
CIÊNCIAS
942
_c
BK
999
_c
156597
_d
156597